000 00530nam a22002297a 4500
003 UA-OsUOA
001 85461
007 ta
008 20120626b un ||||| |||| 00| 0 ukr d
100 _aWare T.
090 _a26/28
942 _cBK
040 _aUA-OsUOA
_beng
_cUA-OsUOA
_dUA-OsUOA
245 _aThe Orthodox Church
300 _a352 с.
955 _a2
041 _aeng
080 _a26/28
260 _aVictoria
_c1963
650 7 _a26 Християнська Церква загалом
_2UDC
999 _c351430
_d351430